000
00294nam a22001337a 4500
008
170830b xxu||||| |||| 00| 0 eng d
020
_a
9780071739948
041
_a
eng
080
_a
070
100
_a
39
101
_a
MED
245
_a
PRESENT YOUR TO THE TOP
_c
DEMPSEY,D.J
942
_2
udc
_c
BK
999
_c
25507
_d
25507